|
|
|
|
| LEADER |
00802nab a2200229 i 4500 |
| 001 |
publ33198 |
| 005 |
20250522144354.0 |
| 008 |
250522s1984 hu o 000 hun d |
| 022 |
|
|
|a 0023-1878
|
| 024 |
7 |
|
|a 1031960
|2 mtmt
|
| 040 |
|
|
|a SZTE Publicatio Repozitórium
|b hun
|
| 041 |
|
|
|a hun
|
| 100 |
1 |
|
|a Sallai János
|
| 245 |
1 |
0 |
|a Escherichia coli fertôzés hatása a posztobstruktiv patkányvese prosztaglandin szintetizáló kapacitására
|h [elektronikus dokumentum] /
|c Sallai János
|
| 260 |
|
|
|c 1984
|
| 300 |
|
|
|a 347-354
|
| 490 |
0 |
|
|a KÍSÉRLETES ORVOSTUDOMÁNY
|v 26
|
| 650 |
|
4 |
|a Általános orvostudomány
|
| 650 |
|
4 |
|a Klinikai orvostan
|
| 700 |
0 |
1 |
|a Túri Sándor
|e aut
|
| 700 |
0 |
1 |
|a Falkay György
|e aut
|
| 856 |
4 |
0 |
|u http://publicatio.bibl.u-szeged.hu/33198/1/aok_klny_986_84.pdf
|z Dokumentum-elérés
|